000 00503 a2200109 4500
020 _a0419243100 (hardcover : alk. paper)
082 _a624.18342 RIL
245 _aRILEM Second International Conference on the Interfacial Transition Zone in Cementitious Composites, Haifa, Isarel, March 8-12, 1998 /
_cedited by A. Katz ... [et al.].
260 _aLondon ;
_aNew York :
_bE & FN Spon,
_c1998.
300 _axiv, 342 p. :
_bill. ;
_c24 cm.
650 _aCement composites
_xCongresses.
650 _aInterfaces (Physical sciences)
_xCongresses.
999 _c1417
_d1417